000
00326nam a22001457a 4500
003
SGT
020
_a
9780140169010
082
_a
629.13092,LAL
100
_a
LALA,R.M
245
_a
BEYOND THE LAST BLUE MOUNTAIN: A LIFE OF JRD TATA
250
_a
1ST
260
_a
NEW DELHI
_b
PENGUIN
_c
1993
300
_a
401
942
_2
ddc
_c
FCM
999
_c
9516
_d
9516